书目信息 |
| 题名: |
生产计划与控制
|
|
| 作者: | 李怀祖 主编 | |
| 分册: | ||
| 出版信息: | 北京 中国科学技术出版社 06/02/08 |
|
| 页数: | 303页 | |
| 开本: | 24cm | |
| 丛书名: | ||
| 单 册: | ||
| 中图分类: | F402.1 | |
| 科图分类: | ||
| 主题词: | 工业经济--经济理论 | |
| 电子资源: | ||
| ISBN: | 978-7-5046-3794-9 | |
| 000 | 00618nam0 2200229 45 | |
| 001 | 0940125206 | |
| 005 | 20091011111056.28 | |
| 010 | @a978-7-5046-3794-9@dCNY33.00 | |
| 100 | @a20090515d06/0 ekmy0 y0120 ea | |
| 102 | @aCN@b130000 | |
| 102 | @aCN@b110000 | |
| 105 | @ay z 000yy | |
| 200 | 1 | @a生产计划与控制@f李怀祖主编@Fli huai zu zhu bian |
| 205 | @a修订版 | |
| 210 | @a北京@c中国科学技术出版社@d06/02/08 | |
| 215 | @a303页@d24cm | |
| 606 | 0 | @a工业经济@x经济理论 |
| 690 | @aF402.1@v4 | |
| 701 | 0 | @a李怀祖@Ali huai zu@4主编 |
| 801 | 0 | @aCN@c20091011 |
| 905 | @a10447@dF402.1@eL340 | |
| 906 | @d33@n2@r1 | |
| 生产计划与控制/李怀祖主编.-修订版.-北京:中国科学技术出版社,06/02/08 |
| 303页;24cm |
| ISBN 978-7-5046-3794-9:CNY33.00 |
| ● |
| 相关链接 |
|
|
|
正题名:生产计划与控制
索取号:F402.1/L340
 
预约/预借
| 序号 | 登录号 | 条形码 | 馆藏地/架位号 | 状态 | 备注 |
| 1 | 655492 | 206554922 | 社科库409/409社科库 33排6列4层/ [索取号:F402.1/L340] | 在馆 | |
| 2 | 655493 | 206554931 | 社科库409/409社科库 33排6列4层/ [索取号:F402.1/L340] | 在馆 |